España, gran potencia / (Record no. 114746)

MARC details
000 -LEADER
campo de control de longitud fija 00755nam a2200205 i 4500
001 - NÚMERO DE CONTROL
campo de control 114746
003 - IDENTIFICADOR DE NÚMERO DE CONTROL
campo de control ES-MaACL
005 - FECHA Y HORA DE LA ÚLTIMA TRANSACCIÓN
campo de control 20231227145138.0
007 - CAMPO FIJO DE DESCRIPCIÓN FÍSICA--INFORMACIÓN GENERAL
campo de control de longitud fija t|
008 - DATOS DE LONGITUD FIJA--INFORMACIÓN GENERAL
campo de control de longitud fija 070322s1915 sp |||| | spa d
100 1# - ENTRADA PRINCIPAL--NOMBRE DE PERSONA
Nombre de persona Requena Ortiz, José María.
9 (RLIN) 96306
245 10 - MENCIÓN DEL TÍTULO
Título España, gran potencia /
Mención de responsabilidad, etc. por José María Requena Ortíz ("C. Irom") ; prólogo del Excmo. Sr. D. Juan Vázquez de Mella.
260 ## - PUBLICACIÓN, DISTRIBUCIÓN, ETC.
Lugar de publicación, distribución, etc. Madrid :
Nombre del editor, distribuidor, etc. [s.n.],
Fecha de publicación, distribución, etc. 1915 (
Fabricante Imp. de El Correo Español)
300 ## - DESCRIPCIÓN FÍSICA
Extensión 72 p. ;
Dimensiones 22 cm.
650 #4 - PUNTO DE ACCESO ADICIONAL DE MATERIA--TÉRMINO DE MATERIA
Término de materia o nombre geográfico como elemento de entrada Guerra mundial, 1914-1918-
Subdivisión geográfica España.
9 (RLIN) 147989
651 #4 - PUNTO DE ACCESO ADICIONAL DE MATERIA--NOMBRE GEOGRÁFICO
Nombre geográfico España-
Subdivisión general Relaciones-
Subdivisión geográfica Europa.
9 (RLIN) 145093
700 1# - ENTRADA AGREGADA--NOMBRE PERSONAL
Nombre de persona Vázquez de Mella y Fanjul, Juan,
Fechas asociadas al nombre 1861-1928
9 (RLIN) 113419
852 ## - LOCALIZACIÓN
Ubicación ES-MaACL
Número de control de estantería T-1450-F-2
Holdings
Estatus retirado Estado de pérdida Estado de daño No para préstamo Colección Biblioteca de origen Biblioteca actual Ubicación en estantería Fecha de adquisición Fuente de adquisición Total de préstamos Signatura topográfica completa Código de barras Visto por última vez Precio de reemplazo Tipo de ítem Koha
        Colección de folletos Biblioteca del Ateneo de Madrid Biblioteca del Ateneo de Madrid Depósito folletos 17/01/2008     T-1450-F-2 1119659 23/02/2023 23/02/2023 Folleto